| 000 | 01362nam a2200205 a 4500 | ||
|---|---|---|---|
| 008 | s1997 ag |||g |||| 001 0 spa d | ||
| 020 | _a9508600586 | ||
| 041 | _aspa | ||
| 092 |
_c808 _l30 _sGRA |
||
| 100 | 1 |
_aGrabivker, Mario José _93341 |
|
| 245 |
_aRecordando a Tuñón. _bTestimonios, ensayos y poemas / _cMario José Grabivker |
||
| 250 | _a1a ed. | ||
| 260 |
_aBuenos Aires: _bEdiciones Instituto Movilizador de Fondos Cooperativos; _c1997. |
||
| 300 | _a127 p. | ||
| 500 | _aGravivker, M. J. (1997). Recordando a Tuñon. Testimonios, ensayos y poemas. (1a ed.). Buenos Aires : Instituto Movilizador de Fondos Cooperativos. | ||
| 505 | _aLos trabajos que presentamos informan sobre la vida y la obra del poeta argentino Raúl González Tuñón. En su conjunto, intentan dar una visión, lo más amplia posible, de sus intereses afectivos, políticos, literarios, como así también del tiempo qu ele tocó vivir. Es significativo que los diferentes autores que estudian su obra no puedan separar la peripecia personal de Raúl González Tuñón de su poética, su texto del contexto en que ésta se produce. Poeta lírico, épico, intimista, social, inició un camino que grandes poetas latinoamericanos y españoles, recorrerían después. | ||
| 590 | _aDonación Maria Vitarelli, Noviembre 2017. | ||
| 655 |
_aLiteratura _92917 |
||
| 942 |
_2ddc _cLIT |
||
| 999 |
_c2642 _d2642 |
||